100 Youtubeurs (En Images) - Statistiques

Statistiques générales
  • Ce quiz a été pris 285 fois
    223 depuis la dernière actualisation
  • Le résultat moyen est 57 sur 100
Statistiques - réponses
Par images Réponse % Correct
Léna Situations
99%
Michou
99%
Tibo Inshape
98%
Carlito
96%
SEB
94%
Amixem
93%
Norman
92%
Djilsi
89%
Inoxtag
88%
Squeezie
87%
Cyprien
86%
Anyme
85%
Mastu
85%
Mister V
85%
Mcfly
84%
Hugo Décrypte
83%
Natoo
83%
Joyca
82%
AmineMatue
81%
Lebouseuh
80%
Maghla
80%
Gotaga
78%
Maxime Biaggi
77%
Cocotte
75%
Maxence
75%
RebeuDeter
75%
Studio Danielle
72%
Juju Fitcats
71%
GMK
69%
Theodort
69%
EnjoyPhoenix
66%
Joueur du Grenier
65%
Nicotine
65%
Pierre Croce
65%
Valouzz
64%
Doigby
63%
TheoBabac
63%
Thomas Deseur
63%
Kameto
62%
Baghera
61%
Greg Guillotin
61%
Sora
61%
Cyril MP4
60%
Dr Nozman
60%
Ibra TV
60%
Etienne Moustache
59%
Grimkujow
59%
Kaatsup
59%
Sofyan
59%
TheKAIRI78
58%
Byilhan
56%
Flamby
55%
Mayadorable
55%
Pidi
55%
Gaelle Garcia Diaz
54%
Domingo
53%
Elian
53%
Helydia
53%
Léa Elui
53%
Le Grand JD
53%
Locklear
53%
Freddy Gladieux
52%
Yvan Casta
52%
L'atelier de Roxanne
49%
Jenny Letellier
48%
Antoine Daniel
47%
Etoiles
47%
Nabilla Vergara
47%
Lucas Studio
46%
Terracid
46%
Deujna
45%
Just Riadh
45%
Laink
43%
Shera
42%
Zack Nani
42%
Pfut
41%
Pierre Chabrier
41%
Zerator
40%
Valentin Jean
39%
Nikof
38%
Benjamin Verrechia
37%
Xari
37%
Prime
36%
Ponce
35%
Ana On Air
33%
Brawks
33%
Jeel
33%
Mister MV
33%
Sylvain Lévy
33%
Camille LV
31%
Depielo
31%
Ravus
24%
Skyyart
23%
Manon Lanza
20%
Caroline Receveur
19%
Styleto
17%
Ben Névert
13%
Aurélien Préveaux
10%
Anis Rhali
9%
Crazy Sally
7%
Aucun quiz correspondant
Distribution des résultats
% des personnes avec chaque résultat
Percentile par nombre de réponses
Votre historique - résultats
Vous n’avez pas pris ce quiz depuis la dernière actualisation